000 00660nam a2200241 i 4500
001 bg
100 1 _aMICKIEWICZ, Tomasz
245 1 0 _aWybór w gospodarce :
_bwprowadzenie do ekonomii /
_cTomasz Mickiewicz.
250 _aWyd. 3 popr. i poszerz.
260 _aLublin :
_b"Norbertinum",
_c1996.
300 _a248 s. :
_bwykr. ;
_c24 cm.
504 _aBibliogr. s. 239-241.
650 9 _aCeny
_xteoria
650 9 _aEkonomia polityczna
655 _aPodręczniki akademickie
020 _a8386837241
040 _cBPK
041 0 _apl
080 _a330(075.8)
920 _a83-86837-24-1
942 _cKS
008 s pl f |000 0 pol
999 _c33099
_d33099
856 _uhttp://koha.tu.koszalin.pl/cgi-bin/koha/opac-detail.pl?biblionumber=33099
_yKatalog online BPK